Basic Anatomy and Physiology (Record no. 8936)
[ view plain ]
| 000 -LEADER | |
|---|---|
| fixed length control field | 00341nam a22001457a 4500 |
| 003 - CONTROL NUMBER IDENTIFIER | |
| control field | OSt |
| 008 - FIXED-LENGTH DATA ELEMENTS--GENERAL INFORMATION | |
| fixed length control field | 200714b ||||| |||| 00| 0 eng d |
| 100 ## - MAIN ENTRY--PERSONAL NAME | |
| Personal name | Murugesh, N |
| 245 ## - TITLE STATEMENT | |
| Title | Basic Anatomy and Physiology |
| 250 ## - EDITION STATEMENT | |
| Edition statement | 6th,2019 |
| 260 ## - PUBLICATION, DISTRIBUTION, ETC. (IMPRINT) | |
| Place of publication, distribution, etc | Madurai |
| Name of publisher, distributor, etc | Sathya |
| 300 ## - PHYSICAL DESCRIPTION | |
| Extent | 234 |
| 650 ## - SUBJECT ADDED ENTRY--TOPICAL TERM | |
| Topical term or geographic name as entry element | Human Anatomy and Physiology |
| 942 ## - ADDED ENTRY ELEMENTS (KOHA) | |
| Source of classification or shelving scheme | Dewey Decimal Classification |
| Koha item type | Text Books |
| Withdrawn status | Lost status | Source of classification or shelving scheme | Damaged status | Not for loan | Collection code | Home library | Current library | Date acquired | Source of acquisition | Currency | Cost, normal purchase price | Bill Number | Total Checkouts | Full call number | Acc. no. / Barcode | Date last seen | Date last borrowed | Actual Cost, discounted price | Bill Date | Koha item type |
|---|---|---|---|---|---|---|---|---|---|---|---|---|---|---|---|---|---|---|---|---|
| Dewey Decimal Classification | B.Pharma | PIET C-LIBRARY | PIET C-LIBRARY | 17/02/2020 | Kirti Prakashan | Rupees | 200.00 | IN6450 | 3 | 612 MUB | BP1446 | 26/10/2021 | 25/10/2021 | 154.00 | 17/02/2020 | Reference Books |